LIBRARY & INFORMATION CENTRE, KCAET, TAVANUR

ONLINE PUBLIC ACCESS CATALOGUE (OPAC)

Text book of building construction / (Record no. 1797)

MARC details
000 -LEADER
fixed length control field 00424cam a2200169ua 4500
041 ## - LANGUAGE CODE
Language code of text/sound track or separate title eng
082 ## - DEWEY DECIMAL CLASSIFICATION NUMBER
Classification number 690
Item number KUL/TE
100 ## - MAIN ENTRY--AUTHOR NAME
Personal name Kulkarni, G.J .
245 ## - TITLE STATEMENT
Title Text book of building construction /
260 ## - PUBLICATION, DISTRIBUTION, ETC. (IMPRINT)
Place of publication Ahmedabad :
Name of publisher Ambala J patel ,
Year of publication 1964.
300 ## - PHYSICAL DESCRIPTION
Number of Pages 383 :
Other physical details ` ; .
942 ## - ADDED ENTRY ELEMENTS (KOHA)
Koha item type Books
Holdings
Withdrawn status Lost status Damaged status Home library Current library Date acquired Full call number Accession Number Koha item type
Withdrawn     KAUAET KAUAET 07/04/2012 690 11178 Books
free website counter